[Event "BRA-ch 90th"]
[Site "Natal"]
[Date "2024.12.17"]
[Round "7"]
[White "Batista, Davi de Azevedo"]
[Black "Cavalcante, Leonardo Igor De O"]
[Result "1-0"]
[WhiteElo "1904"]
[BlackElo "1770"]
[PlyCount "93"]
[EventDate "2024.12.13"]
[EventType "swiss"]
[EventRounds "11"]
[EventCountry "BRA"]
[SourceTitle "CB52_2024"]
[SourceDate "2024.12.25"]
[SourceVersion "1"]
[SourceVersionDate "2024.12.25"]
[SourceQuality "1"]

1. e4 c5 2. Nf3 d6 3. Bb5+ Bd7 4. Bxd7+ Nxd7 5. 0-0 Ngf6 6. Re1 e5 7. c3 Be7 8. d4 cxd4 9. cxd4 0-0 10. Nc3 a6 11. Bg5 Re8 12. Rc1 Qa5 13. Bh4 Rac8 14. a3 Rc6 15. Re2 Rec8 16. Rec2 h6 17. h3 Bf8 18. Bg3 Qc7 19. d5 Rc4 20. Nd2 Rc5 21. Nb3 Rc4 22. Nd2 Rc5 23. b4 Rxc3 24. Rxc3 Qxc3 25. Rxc3 Rxc3 26. Nb1 Rc4 27. f3 Be7 28. Bf2 Bd8 29. Be3 Kf8 30. Qb3 Rc8 31. Nc3 b6 32. a4 Ke7 33. Ne2 Ne8 34. Ng3 Kf8 35. Nf5 Bg5 36. Bxg5 hxg5 37. Qe3 f6 38. Qd3 Nb8 39. Qe3 Nd7 40. Qe2 Nb8 41. Qf2 Nd7 42. h4 gxh4 43. Qxh4 Rc1+ 44. Kh2 Ra1 45. Qh8+ Kf7 46. Nxd6+ Nxd6 47. Qd8 1-0